Vilová štvrť v Brne-Vinohradoch

Bibliographic Details
Main Author: Riedl, Dušan (Author)
Format: Article
Language:Slovak
PhysicalDescription:Obr. 17, res. angl.
ISSN:1335-2180
Subjects:

MARC

LEADER 00000nab a2200000 a 4500
001 vtls000624837
003 SK-MaSNL
005 20260304091544.0
008 250425c1997 xo 0 slo
015 |a SNBRB19rr/mm-uuuuu 
035 |a CL0624976 
035 |a urn:nbn:sk:snk-abdpm9 
035 |a (urnnbn)urn:nbn:sk:snk:ar-001qjb 
035 |a (uuid)96213a36-2450-45a2-903e-dd60b1d50ed3 
040 |a SNKBUCL  |b slo  |c SNKBUCL  |e AACR2 
041 0 |a slo 
044 |a xo  |c SK 
080 |a 728.37(437.1/.2)  |2 1981 
100 1 |a Riedl, Dušan  |4 aut  |9 526525 
245 1 0 |a Vilová štvrť v Brne-Vinohradoch  |c Dušan Riedl 
300 |b Obr. 17, res. angl. 
650 0 7 |a vily  |2 snkbucl 
651 7 |a Vinohrady (Brno, Česko)  |2 SNKPHgeo  |9 224620 
655 7 |a články z novín a časopisov  |2 snkbucl  |9 267496 
773 0 |t Projekt  |g Roč. 39, č. 3 (1997), s. 55-57  |x 1335-2180 
850 |a Slovenská národná knižnica 
852 |a Slovenská národná knižnica 
954 |a odborná, vedecká literatúra pôvodná (slovenská)  |2 lita 
958 |a article19 
958 |a OND 
958 |a CZ 
958 |a RK 
958 |a EUIPO 
992 |a RBX 
999 |c 2815841  |d 2817771